000 00782cam a22002055a 4500
001 L159389
008 170123s2015 xxk f 000 0 eng d
020 _a9781138821385
035 _a(Sirsi) u159389
041 0 _aeng
050 0 4 _a692.8
100 1 _aGardner, Ian
245 0 0 _aAchieving successful construction projects
_bA guide for industry leaders and programme managers
260 _aAbingdon
_bRoutledge
_c2015
520 _aLooks at ways of of achieving the completion of successful construction projects. Clear communication between client and the project team, right procurement strategy and good performance management are the key factors discussed.
590 _aKA
651 4 _aUnited Kingdom
690 _aConstruction management
_96230
942 _n0
_2ddc
999 _c115857
_d115857